| 000 | 00497nam a22001697a 4500 | ||
|---|---|---|---|
| 003 | OSt | ||
| 005 | 20140310182446.0 | ||
| 008 | 130221t xxu||||| |||| 00| 0 eng d | ||
| 020 | _a9789710445325 | ||
| 050 |
_aDS 668 _b.C817 2008 |
||
| 100 |
_aRonald M. Corpuz, _97784 |
||
| 245 |
_aPhilippine history and constitution _cRonald M. Corpuz, Lorna V. Wy, Rogelio G. Dela Cruz |
||
| 260 |
_aManila : _bMindshapers _cc2008. |
||
| 300 |
_a430 p. : _c27 cm. |
||
| 942 |
_2lcc _cSSLC |
||
| 999 |
_c13609 _d13609 |
||